Rádio- a USG diagnostika chorôb slinných žliaz

Podrobná bibliografia
Hlavní autori: Balušík, V. (Autor), Kuca, J. (Autor), Husťák, Milan, 1947-2020 (Autor)
Médium: Článok
Jazyk:slovenčina
ISSN:0028-5139
Predmet:

MARC

LEADER 00000nab a2200000 a 4500
001 vtls000725370
003 SK-MaSNL
005 20260304131055.0
008 250429c1999 xo 0 slo
015 |a SNBRB2000/06-15433 
035 |a CLN000077533 
035 |a urn:nbn:sk:snk-abjxb 
035 |a (urnnbn)urn:nbn:sk:snk:ar-a04vco 
035 |a (uuid)5bd4b17b-3df9-46be-8316-27aa08309e67 
040 |a SNKBUCL  |b slo  |c SNKBUCL  |e AACR2 
041 0 |a slo 
044 |a xo  |c SK 
080 |a 616.316-002-073.75  |2 1997 
100 1 |a Balušík, V.  |4 aut  |9 1395472 
245 1 0 |a Rádio- a USG diagnostika chorôb slinných žliaz  |c V. Balušík, J. Kuca, M. Husťák 
611 1 7 |a Konferencia vojenských internistov s medzinárodnou účasťou  |n 44.  |d 1998  |c Košice, Slovensko  |x referáty  |2 snkbucl  |9 1403085 
650 0 7 |a žľazy slinné  |x choroby  |x diagnostika  |2 snkbucl  |9 1443583 
650 0 7 |a ultrasonografia  |2 snkbucl  |9 13510 
650 0 7 |a rádiodiagnostika  |2 snkbucl  |9 15781 
650 0 7 |a sialografia  |2 snkbucl  |9 1315562 
655 7 |a články z novín a časopisov  |2 snkbucl  |9 267496 
700 1 |a Kuca, J.  |4 aut  |9 797248 
700 1 |a Husťák, Milan,  |d 1947-2020  |4 aut  |9 205074 
773 0 |t Medicina militaris slovaca  |g Roč. 1, č. 2 (1999), s. 41  |x 0028-5139 
850 |a Slovenská národná knižnica 
852 |a Slovenská národná knižnica 
954 |a odborná, vedecká literatúra pôvodná (slovenská)  |2 lita 
958 |a article27 
958 |a MI 
958 |a OND 
958 |a EUIPO 
999 |c 2896047  |d 2897977